| 000 | 00556nam a2200169 4500 | ||
|---|---|---|---|
| 001 | 139285 | ||
| 003 | ES-MaACL | ||
| 005 | 20230906195742.0 | ||
| 007 | t| | ||
| 008 | 070214s1951 sp r ||||1| spa d | ||
| 100 | 1 |
_aSarri, José. _9103859 |
|
| 245 | 1 | 3 |
_aEl venerable Fray Melchor García Sampedro _b: protomártir asturiano : sus virtudes, su apostolado y su martirio / _cJosé Sarri. |
| 250 | _a1ª. ed. | ||
| 260 |
_aOviedo : _bEspasa Calpe, _c1951. |
||
| 300 |
_a178 p., 3 lám. : _b`retr. aut.` ; _c26 cm. |
||
| 852 |
_aES-MaACL _jD-6780 _bR.31216 |
||
| 999 |
_c139285 _d139285 |
||